00726nam a2200217 i 450000100060000000300090000600500170001500700030003200800410003502000180007608000180009408000210011210000200013324501140015326000330026730000220030050400320032260000590035460000620041385200330047591973ES-MaACL20250707034700.0t|050311s1988 sp ||||1| spa d a84-86648-03-3 a1 Hume, David a1 Kant, Inmanuel1 aDuque, Félix.10aDe la libertad de la pasión a la pasión de la libertad b: (ensayos sobre Hume y Kant) / cFélix Duque. aValencia : bNatan, c[1988] a114 p. ; c21 cm. aBibliografía: p. 111-114.14aHume, David,d1711-1776-xCrítica e interpretación14aKant, Immanuel,d1724-1804-xCrítica e interpretación aES-MaACLjE-10811 bR.135620